Sports Quiz

Random Sports or WWE Quiz

Greatest Wrestling Feuds Quiz Stats

Quiz not verified by Sporcle

Challenge
Share
Tweet
Embed
Score 0/79 Timer 10:00
1 Play Today
% Correct
Steve Austin
94.4%
Steve Austin
94.4%
Steve Austin
94.4%
Hulk Hogan
94.1%
Triple H
92.6%
Triple H
92.6%
Triple H
92.6%
John Cena
91.1%
Shawn Michaels
90.6%
Shawn Michaels
90.6%
Vince McMahon
89.2%
Vince McMahon
89.2%
Bret Hart
88.5%
Bret Hart
88.5%
Owen Hart
88%
Ric Flair
86.4%
The Undertaker
85.6%
CM Punk
85.2%
CM Punk
83.2%
Chris Jericho
76.2%
Kurt Angle
75.7%
Chris Benoit
74.3%
Batista
74.2%
Batista
74.2%
Jim Neidhart
73.3%
Andre the Giant
72.1%
Brock Lesnar
72%
The British Bulldog
71.6%
Mick Foley
71.2%
Brian Pillman
67.9%
New World Order
66.4%
Jeff Hardy
63.9%
WCW
59.5%
Eddy Guerrero
56.4%
Eddy Guerrero
56.4%
Jerry Lawler
52.5%
Jerry Lawler
52.5%
Jerry Lawler
52.5%
Buddy Roberts
51.7%
Buddy Roberts
51.7%
% Correct
Michael Hayes
49.8%
Michael Hayes
49.8%
Terry Gordy
48.7%
Terry Gordy
48.7%
The Von Erichs
48.6%
The Von Erichs
48.6%
Bruno Sammartino
46.7%
Terry Funk
44.5%
Ted DiBiase
43.6%
Ted DiBiase
43.6%
Paul Orndorff
39.1%
Dean Malenko
38.7%
Kevin Steen
30.5%
Bobby Eaton
29.7%
Stan Lane
28.9%
Kazuchika Okada
27.3%
El Generico
26.5%
Jeff Jarrett
25.9%
Art Barr
25.9%
Hiroshi Tanahashi
24.8%
Junkyard Dog
24.1%
Kazuchika Okada
23.7%
Jim Duggan
23.4%
Mitsuharu Misawa
22.9%
Mitsuharu Misawa
22.9%
Hiroshi Tanahashi
22.7%
Larry Zbyszko
22.4%
Tommy Rogers
21.8%
Killer Khan
17.5%
Tommy Rich
16.3%
Bobby Fulton
14.2%
El Hijo del Santo
11.5%
Moondog Spot
11.4%
Austin Idol
11.2%
Moondog Spike
11%
Moondog Cujo
11%
Jumbo Tsuruta
10.2%
Jumbo Tsuruta
10.2%
Octagon
9.3%

You're not logged in!

Compare scores with friends on all Sporcle quizzes.
Join for Free
OR
Log In

You Might Also Like...

Show Comments

Extras

Top Quizzes Today


Score Distribution

Your Account Isn't Verified!

In order to create a playlist on Sporcle, you need to verify the email address you used during registration. Go to your Sporcle Settings to finish the process.

Report this User

Report this user for behavior that violates our Community Guidelines.

Details: